000 00634cab a2200217 4500
001 WB2908-02
008 090401t1993 xxu||||| |||| 00| 0 eng d
035 _a(Sirsi) u59080
041 _aeng
245 _aCanary Wharf scarred by stained stone
260 _c1993
350 _a0
490 _aBuilding
_v258(7783) 26 February 1993 p8 (1)
520 _aRepairs to damaged marble cladding to two Canary Wharf buildings could reach £500,000.
650 _aCANARY WHARF
650 _aMARBLE CLADDING
650 _aREPAIRS
690 _aBUILDING AND CONSTRUCTION-REPAIRS AND MAINTENANCE
942 _n0
948 _c04/03/1997
999 _c36188
_d36188